000 01303nam a2200349 i 4500
001 000006224
003 DO-SdBNP
005 20250610130441.0
007 ta
008 090827s1997 dr a r 001 0 spa d
020 _a8492276002
040 _aDO-SdBNP
_bspa
_cBNPHU
_erda
082 4 _a370.115
_bE74c
_222
100 1 _aEscala, Miguel J.,
_917400
_eautor
245 1 0 _aCreando agentes de desarrollo :
_bideas de renovación para la educación y la empresa /
_cMiguel J. Escala ; prólogo, Luis A. Sánchez Noble.
264 _aSanto Domingo :
_bServicios Escala de Educación y Desarrollo Humano,
_c1997.
300 _axiv, 157 páginas :
_bilustraciones ;
_c22 cm.
336 _2rdacontent
_atexto
_btxt
337 _2rdamedia
_asin mediación
_bnc
338 _2rdacarrier
_avolumen
_bn
500 _aIncluye datos biográficos del autor en la solapa de la contracubierta
500 _aIncluye referencias bibliográficas y notas al pie de las páginas
504 _aBibliografía : p. 154-157
590 _aInventariado, 2023/BT
650 4 _aIndustria y educación
_917401
650 0 _aRecursos humanos
_917402
650 0 _aEducación
_951588
650 4 _aDesarrollo sostenible
_9901
700 1 _aSánchez Noble, Luis A.,
_eprólogo
_917403
910 _aBtavárez
942 _2ddc
_cLBS1
999 _c6019
_d6019